[Event "Jerusalem Japhet Memorial op 4th"]
[Site "Jerusalem"]
[Date "2018.07.02"]
[Round "3"]
[White "Bronfman, Shmuel"]
[Black "Erenberg, Ariel"]
[Result "0-1"]
[WhiteElo "2108"]
[BlackElo "2393"]
[PlyCount "90"]
[EventDate "2018.07.01"]
[EventType "swiss"]
[EventRounds "7"]
[EventCountry "ISR"]
[SourceTitle "CBM 185 Extra"]
[Source "ChessBase"]
[SourceDate "2018.07.29"]
[SourceVersion "1"]
[SourceVersionDate "2018.07.29"]
[SourceQuality "1"]

1. d4 d5 2. c4 dxc4 3. e3 Nf6 4. Bxc4 a6 5. Nf3 e6 6. 0-0 c5 7. Qe2 b5 8. Bb3 Bb7 9. a4 Nbd7 10. Rd1 c4 11. Bc2 Be7 12. e4 0-0 13. Nbd2 Qc7 14. e5 Nd5 15. Ne4 h6 16. Ng3 Rfc8 17. Qe4 Nf8 18. Qg4 f5 19. Bxf5 exf5 20. Nxf5 g6 21. Nxh6+ Kh7 22. Re1 c3 23. bxc3 Qxc3 24. Bd2 Qc2 25. Rac1 Qd3 26. Qh3 Kg7 27. Ng4 Rxc1 28. Bxc1 Bc8 29. Bh6+ Kg8 30. Bxf8 Bxf8 31. e6 Ra7 32. Qg3 Qf5 33. Nge5 Rg7 34. Nf7 Qf4 35. N7g5 Qxg3 36. hxg3 bxa4 37. Ne5 Bb4 38. Rc1 Rc7 39. Ra1 a3 40. Nd3 a5 41. Nc5 Nc3 42. f4 Ne2+ 43. Kf2 Nxd4 44. Nce4 Nxe6 45. Nf6+ Kf8 0-1

[Event "Jerusalem Japhet Memorial op 4th"]
[Site "Jerusalem"]
[Date "2018.07.02"]
[Round "2"]
[White "Gruenfeld, Yehuda"]
[Black "Bronfman, Shmuel"]
[Result "1-0"]
[WhiteElo "2419"]
[BlackElo "2108"]
[PlyCount "69"]
[EventDate "2018.07.01"]
[EventType "swiss"]
[EventRounds "7"]
[EventCountry "ISR"]
[SourceTitle "CBM 185 Extra"]
[Source "ChessBase"]
[SourceDate "2018.07.29"]
[SourceVersion "1"]
[SourceVersionDate "2018.07.29"]
[SourceQuality "1"]

1. e4 c5 2. Nf3 e6 3. Nc3 Nc6 4. d4 cxd4 5. Nxd4 Qc7 6. g3 a6 7. Bg2 Nf6 8. 0-0 Nxd4 9. Qxd4 Bc5 10. Bf4 d6 11. Qd2 e5 12. Be3 Bb4 13. Nb5 axb5 14. Qxb4 0-0 15. Qxb5 Qxc2 16. Rfc1 Qa4 17. Qxa4 Rxa4 18. b3 Ra5 19. a4 Bd7 20. Bb6 Ra6 21. a5 Bc6 22. b4 Bxe4 23. Bxe4 Nxe4 24. Rc7 d5 25. Rxb7 d4 26. b5 Raa8 27. a6 f6 28. f3 Nc3 29. a7 Rfc8 30. Bc7 d3 31. Rb8 d2 32. Rxc8+ Rxc8 33. a8Q d1Q+ 34. Rxd1 Rxa8 35. Rd8+ 1-0

[Event "Maccabiah op"]
[Site "Jerusalem"]
[Date "2013.07.28"]
[Round "9"]
[White "Bronfman, Shmuel"]
[Black "Tiktin, Yoav"]
[Result "1-0"]
[WhiteElo "2168"]
[BlackElo "1885"]
[PlyCount "120"]
[EventDate "2013.07.21"]
[EventType "swiss"]
[EventRounds "9"]
[EventCountry "ISR"]
[SourceTitle "EXT 2014"]
[Source "ChessBase"]
[SourceDate "2013.11.20"]
[SourceVersion "1"]
[SourceVersionDate "2013.11.20"]
[SourceQuality "1"]

1. Nf3 Nf6 2. c4 e6 3. Nc3 d5 4. d4 Be7 5. cxd5 exd5 6. Bg5 0-0 7. e3 Bg4 8. Qb3 Nbd7 9. Be2 Rb8 10. Bf4 Nb6 11. Nb5 Ne8 12. Nxa7 Nd6 13. Nb5 Nxb5 14. Bxb5 Bxf3 15. gxf3 Bg5 16. Be5 f6 17. Bg3 f5 18. Be5 f4 19. e4 Bf6 20. Bxf6 Qxf6 21. 0-0-0 Rfd8 22. e5 Qf5 23. h4 Rbc8 24. Bd3 Qh5 25. Kb1 Kh8 26. Rh3 Nc4 27. Qc2 c5 28. dxc5 Rxc5 29. Bxc4 Rdc8 30. Rhh1 Rxc4 31. Qd3 d4 32. e6 Qb5 33. Qb3 Qf5+ 34. Ka1 Qxe6 35. a3 Qd5 36. Ka2 h6 37. Rhe1 b5 38. Re4 b4 39. a4 Qd6 40. Rde1 Qc6 41. Re6 Qd7 42. Re7 Qf5 43. R1e4 Rc1 44. Re8+ Rxe8 45. Rxe8+ Kh7 46. Qg8+ Kg6 47. Qe6+ Qxe6+ 48. Rxe6+ Kf5 49. Rd6 Ke5 50. Rd7 g5 51. h5 Rc2 52. a5 Rc5 53. Kb3 Rxa5 54. Kxb4 Rd5 55. Rxd5+ Kxd5 56. b3 d3 57. Kc3 Kc5 58. Kxd3 Kb4 59. Kc2 Kb5 60. Kc3 Kc5 1-0

[Event "Maccabiah op"]
[Site "Jerusalem"]
[Date "2013.07.22"]
[Round "2"]
[White "Bronfman, Shmuel"]
[Black "Ginchil, Shay"]
[Result "0-1"]
[WhiteElo "2168"]
[BlackElo "1951"]
[PlyCount "78"]
[EventDate "2013.07.21"]
[EventType "swiss"]
[EventRounds "9"]
[EventCountry "ISR"]
[SourceTitle "EXT 2014"]
[Source "ChessBase"]
[SourceDate "2013.11.20"]
[SourceVersion "1"]
[SourceVersionDate "2013.11.20"]
[SourceQuality "1"]

1. d4 Nf6 2. Nf3 c5 3. d5 b5 4. c4 e6 5. a4 bxc4 6. Nc3 Bb7 7. e4 exd5 8. exd5 d6 9. Bxc4 Nbd7 10. a5 a6 11. 0-0 Be7 12. Re1 0-0 13. h3 Re8 14. Bf4 Nf8 15. Qd2 Ng6 16. Bh2 Qc7 17. Ng5 Nd7 18. Bb3 Bxg5 19. Qxg5 Qxa5 20. Bxd6 Qb6 21. Ba4 Qxd6 22. Red1 Re5 23. Qd2 Nb6 24. f4 Nxf4 25. Bc2 Nbxd5 26. Ne4 Qh6 27. Ra3 Rae8 28. Ng3 Ne2+ 29. Nxe2 Qxd2 30. Rxd2 Rxe2 31. Rad3 Nf4 32. Rxe2 Nxe2+ 33. Kf1 Nf4 34. Rc3 Bxg2+ 35. Kf2 Bb7 36. Ba4 Re2+ 37. Kg1 Re4 38. Bd1 Ne2+ 39. Bxe2 Rxe2 0-1